Problemas de tecnología química
Bewaard in:
| Hoofdauteur: | |
|---|---|
| Formaat: | Boek |
| Taal: | Spaans |
| Gepubliceerd in: |
Madrid
Tecnos S. A
1949
|
| Editie: | 2a. ed |
| Onderwerpen: | |
| Tags: |
Voeg label toe
Geen labels, Wees de eerste die dit record labelt!
|
MARC
| LEADER | 00000cam a2200000 a 4500 | ||
|---|---|---|---|
| 001 | UCC6741 | ||
| 003 | CL-VaPUC | ||
| 008 | 190103e19490000sp |||||||||||||||||spa|d | ||
| 082 | 0 | 4 | |a 669 |b RUB |2 21 |
| 100 | 0 | |a Rubio Felipe, Lamberto A |e author |9 601210 | |
| 245 | 1 | 0 | |a Problemas de tecnología química |
| 250 | |a 2a. ed | ||
| 300 | |a v | ||
| 942 | |c BK | ||
| 945 | |d 20190103 17:32:00 |a dcastane | ||
| 260 | |a Madrid |b Tecnos S. A |c 1949 | ||
| 500 | |a v.1: Metalurgia, sus operaciones y Electrometalurgia | ||
| 650 | 0 | |a Metalurgia |9 263720 | |
| 583 | |a last modification |c 20190103 17:32:00 |k Rodrigo Vera | ||
| 999 | |c 373601 |d 373599 | ||